000171803 001__ 171803
000171803 005__ 20260603114408.0
000171803 0247_ $$2doi$$a10.5209/geri.107366
000171803 0248_ $$2sideral$$a149517
000171803 037__ $$aART-2026-149517
000171803 041__ $$aspa
000171803 100__ $$0(orcid)0000-0002-9650-7652$$aEstarán Tolosa, María José$$uUniversidad de Zaragoza
000171803 245__ $$aAdriano, Padre de la Patria, y la cohors I Ulpia Dacorum. Un nuevo fragmento de diploma militar del año 128 d.C.
000171803 260__ $$c2026
000171803 5060_ $$aAccess copy available to the general public$$fUnrestricted
000171803 5203_ $$aEl artículo presenta un fragmento inédito de diploma militar romano conservado en el Museo Nacional de Arte Romano de Mérida datado en el año 128 d.C. Se trata de la tabula I de un diploma expedido bajo el reinado de Adriano. La relevancia del documento reside en que constituye uno de los primeros testimonios epigráficos que pueden fecharse con precisión en los que se atribuye a Adriano el título de Pater Patriae, aceptado definitivamente por el emperador en ese mismo año. Por otra parte, el estudio del extrinsecus permite atribuir el diploma a un soldado de la cohors I Ulpia Dacorum, unidad reclutada en época de Trajano y estacionada en el frente sirio. La posible identificación del prefecto Tiberio Claudio Maximino sugiere que el fragmento podría corresponder al primer licenciamiento conocido de esta cohorte, aportando nuevos datos para la historia administrativa y militar del Oriente romano.
000171803 540__ $$9info:eu-repo/semantics/openAccess$$aby$$uhttps://creativecommons.org/licenses/by/4.0/deed.es
000171803 655_4 $$ainfo:eu-repo/semantics/article$$vinfo:eu-repo/semantics/publishedVersion
000171803 7102_ $$13000$$2445$$aUniversidad de Zaragoza$$bDpto. Ciencias de la Antigüed.$$cÁrea Historia Antigua
000171803 773__ $$g44, 1 (2026), 203-210$$pGerión$$tGerión$$x0213-0181
000171803 8564_ $$s1060615$$uhttps://zaguan.unizar.es/record/171803/files/texto_completo.pdf$$yVersión publicada
000171803 8564_ $$s1921821$$uhttps://zaguan.unizar.es/record/171803/files/texto_completo.jpg?subformat=icon$$xicon$$yVersión publicada
000171803 909CO $$ooai:zaguan.unizar.es:171803$$particulos$$pdriver
000171803 951__ $$a2026-06-03-11:05:40
000171803 980__ $$aARTICLE